| 000 | 00622nam a2200217 i 4500 | ||
|---|---|---|---|
| 001 | 80744 | ||
| 003 | ES-MaACL | ||
| 005 | 20230906174303.0 | ||
| 007 | t| | ||
| 008 | 041029s1957 sp ||||1| spa d | ||
| 100 | 1 |
_aHougron, Jean. _964327 |
|
| 245 | 1 | 0 |
_aVolveré a Kandara / _cJean Hougron ; [versión española de Francisco Rodón]. |
| 250 | _a[1ª ed.]. | ||
| 260 |
_aBarcelona : _bLuis de Caralt, _c[1957] ( _fChimenos) |
||
| 300 |
_a202 p. ; _c20 cm. |
||
| 490 | 1 | _aGigante | |
| 700 | 1 |
_aRodón, Francisco. _998158 |
|
| 830 | 0 |
_aGigante _9181050 |
|
| 852 |
_aES-MaACL _jC-13832 _bR.41363 |
||
| 999 |
_c80744 _d80744 |
||